000 00972nac a22002777a 4500
001 BR8104063
003 BR-BrBNA
005 20240105115021.0
008 230509b bl.|||m| |||| 00| 0 por d
040 _aBR-BrBNA
_bpor
_cBiblioteca Nacional de Agricultura
072 _aF10
090 _aF10 BR8104063
100 1 _aMiranda, E.E. de
100 1 _aOlimpio, J.A.
100 1 _aBarros, R.J.S.
110 1 _aComissao Estadual de Planejamento Agricola do Piaui, Teresina (Brasil)
_92040
245 1 _aDados pluvio anuais do estado do Piaui. Metodos e resultados [Precipitacao pluvial; Brasil]
260 3 _aTeresina, PI (Brasil):
_c1981.
300 _a72 p.
490 _aZoneamento Agroecologico - Comissao Estadual de Planejamento Agricola do Piaui (Brazil)
_vno. 1
_x
500 _a6 illus.; 31 ref.; Summaries (En, Fr, Pt)
650 _aPRECIPITACAO PLUVIAL
650 _aPIAUI
909 _a202312
_bLúcia Elande
_c55
_dLúcia Elande
942 _2AGRIS
_n0
_cMS
999 _c272579
_d272579